Vplyv úrokovej miery na ziskovosť produktov životného poistenia

Úroková miera ako súčasti aktuárskej bázy a jej vplyv na poisťovne z hľadiska ziskovosti produktov životného poistenia. História úrokovej miery, predovšetkým jej pokles v posledných rokoch. Demonštrácia vplyvu úrokovej miery na praktickom príklade testovania ziskovosti produktu zmiešaného životného...

Description complète

Enregistré dans:
Détails bibliographiques
Auteur principal: Sakálová, Katarína, 1955-
Autres auteurs: Kotlárová, Alena
Format: Chapitre de livre
Langue:slovaque
Sujets:
Tags: Ajouter un tag
Pas de tags, Soyez le premier à ajouter un tag!

MARC

LEADER 00000nla a2200000 4500
001 0210597
005 20240502073517.2
041 0 |a slo 
044 |a SK 
245 1 0 |a Vplyv úrokovej miery na ziskovosť produktov životného poistenia  |c Katarína Sakálová, Alena Kotlárová 
520 |a Úroková miera ako súčasti aktuárskej bázy a jej vplyv na poisťovne z hľadiska ziskovosti produktov životného poistenia. História úrokovej miery, predovšetkým jej pokles v posledných rokoch. Demonštrácia vplyvu úrokovej miery na praktickom príklade testovania ziskovosti produktu zmiešaného životného poistenia. 
610 2 0 |a miera úroková 
610 2 0 |a matematika poistná 
610 2 0 |a poistenie životné 
100 1 |a Sakálová, Katarína, 1955- 
700 1 |a Kotlárová, Alena